| 000 | 01089cad a22002175a 4500 | ||
|---|---|---|---|
| 001 | L151674 | ||
| 008 | 101130s2010 xxk g 000 0 eng d | ||
| 035 | _a(Sirsi) u151674 | ||
| 041 | 0 | _aeng | |
| 050 | _a696.9 $2 18 | ||
| 110 | 2 |
_aUnited Kingdom _bDepartment for Business, Innovation and Skills _95760 |
|
| 240 | _aMorrell's report | ||
| 245 | 0 | 0 |
_aLow carbon construction _binnovation and growth team, final report, executive summary _h[electronic resource] |
| 260 |
_aLondon _bBIS _c2010 |
||
| 520 | _aThe Executive Summary of the final report of an Innovation and Growth Team (IGT), drawn from across the UK construction industry to consider how the UK construction industry can rise to the challenge of the low carbon agenda; sometimes referred to as the Morrell Report. | ||
| 590 | _aKA NTK | ||
| 651 | 4 |
_aUnited Kingdom _y |
|
| 690 | _aBUILT ENVIRONMENT-SUSTAINABLE CONSTRUCTION | ||
| 856 | 4 | 0 |
_uhttps://www.constructingexcellence.org.uk/news/pdf_news_articles/8811-BIS-Low%20Carbon%20ExSum.pdf _zView this item free of charge at www.constructingexcellence.org.uk |
| 942 | _n0 | ||
| 999 |
_c111527 _d111527 |
||